01808nam a2200385 a 4500001001200000003000800012006001900020007001500039008004100054010001700095020002600112020002700138040002100165035002100186043002100207050002600228082002100254245008400275260004500359300002400404440005700428504005100485505022600536533015200762650005000914650006100964650006301025650005101088650005001139650004201189655002901231700001901260710001701279856012601296ebr10630600CaPaEBRm u cr cn|||||||||110818s2012 maua sb 001 0 eng d z 2011031976 z9781405198066 (cloth) z9781444354928 (e-book) aCaPaEBRcCaPaEBR a(OCoLC)773567111 ae-uk---an-us---14aPR830.T3bC653 2012eb04a823/.087290922302aA new companion to the Gothich[electronic resource] /cedited by David Punter. aMalden, Mass. :bWiley-Blackwell,c2012. axvi, 549 p. :bill. 0aBlackwell companions to literature and culture ;v79 aIncludes bibliographical references and index.0 apt. 1. Gothic backgrounds -- pt. 2. The original Gothic -- pt. 3. Nineteenth- and twentieth-century transformations -- pt. 4. Gothic theory and genre -- pt. 5. The globalization of Gothic -- pt. 6. The continuing debate. aElectronic reproduction.bPalo Alto, Calif. :cebrary,d2011.nAvailable via World Wide Web.nAccess may be limited to ebrary affiliated libraries. 0aHorror tales, EnglishxHistory and criticism. 0aGothic revival (Literature)zEnglish-speaking countries. 0aPsychoanalysis and literaturezEnglish-speaking countries. 0aHorror tales, AmericanxHistory and criticism. 0aPsychological fictionxHistory and criticism. 0aGhost storiesxHistory and criticism. 7aElectronic books.2local1 aPunter, David.2 aebrary, Inc.40uhttp://site.ebrary.com/lib/rucke/Doc?id=10630600zAn electronic book accessible through the World Wide Web; click to view